[Event "ESP-ch U14"]
[Site "Salobrena"]
[Date "2020.08.05"]
[Round "4"]
[White "Casares Bonals, Asier"]
[Black "Mullor Pena, Claudia"]
[Result "1/2-1/2"]
[WhiteElo "1654"]
[BlackElo "1492"]
[PlyCount "85"]
[EventDate "2020.08.03"]
[EventType "swiss"]
[EventRounds "9"]
[EventCountry "ESP"]
[SourceTitle "EXT 2021"]
[Source "ChessBase"]
[SourceDate "2020.10.23"]
[SourceVersion "1"]
[SourceVersionDate "2020.10.23"]
[SourceQuality "1"]

1. f4 d5 2. Nf3 Nf6 3. g3 e6 4. Bg2 Bc5 5. e3 Bd7 6. 0-0 0-0 7. Nc3 Nc6 8. Ne5 Rb8 9. d4 Be7 10. Bf3 b5 11. Kh1 Na5 12. Qe1 b4 13. Nb1 Bb5 14. Rg1 Nd7 15. Bg4 Nxe5 16. fxe5 c5 17. a3 a6 18. axb4 cxb4 19. b3 Rc8 20. Ra2 Nc6 21. Nd2 Nb8 22. Nf3 Rc6 23. Rg2 Qc7 24. Rf2 Bd3 25. Qd1 Be4 26. Kg1 Rc8 27. Ne1 Rc3 28. h4 h6 29. Kh2 Qd8 30. Ng2 Qc7 31. Ne1 Qd8 32. Kh3 a5 33. Bd2 R3c6 34. Bc1 Nd7 35. Nd3 Qc7 36. Kh2 Rc3 37. Ne1 Qd8 38. Kh3 Nf8 39. Bb2 R3c6 40. Ba1 Ng6 41. Ng2 Qc7 42. Ne1 Qd8 43. Ng2 1/2-1/2

[Event "ESP-ch U14"]
[Site "Salobrena"]
[Date "2020.08.03"]
[Round "1"]
[White "Mullor Pena, Claudia"]
[Black "Lobo Pereira, Arami"]
[Result "0-1"]
[WhiteElo "1492"]
[BlackElo "1811"]
[PlyCount "82"]
[EventDate "2020.08.03"]
[EventType "swiss"]
[EventRounds "9"]
[EventCountry "ESP"]
[SourceTitle "EXT 2021"]
[Source "ChessBase"]
[SourceDate "2020.10.23"]
[SourceVersion "1"]
[SourceVersionDate "2020.10.23"]
[SourceQuality "1"]

1. e4 c5 2. Nf3 d6 3. g3 Nc6 4. Bg2 g6 5. 0-0 Bg7 6. c3 e5 7. Qe2 Nge7 8. Rd1 0-0 9. d3 h6 10. Be3 f5 11. exf5 Nxf5 12. Na3 Qf6 13. Nc2 Be6 14. d4 Nxe3 15. Qxe3 Bg4 16. dxe5 Qf5 17. Nh4 Qxe5 18. Qxe5 Nxe5 19. Rxd6 g5 20. Ng6 Nxg6 21. Rxg6 Bf5 22. Rd6 Bxc2 23. Rd7 Rad8 24. Rxb7 Rd2 25. f3 Re8 26. Bf1 Bd1 27. Bc4+ Kh8 28. Rxa7 Bxf3 29. Bf1 Rxb2 30. Rc1 Re3 31. Rd7 Bxc3 32. a4 Bd4 33. Rxd4 cxd4 34. Rc8+ Kg7 35. Rc7+ Kf6 36. Ra7 Re1 37. Ra6+ Kf5 38. Ra5+ Ke4 39. Ra8 Rbb1 40. Re8+ Kd5 41. Rd8+ Kc6 0-1

[Event "Andalucia-chB"]
[Site "Roquetas de Mar"]
[Date "2017.05.20"]
[Round "3"]
[White "Rodriguez Vilchez, Antonio"]
[Black "Mullor Pena, Claudia"]
[Result "0-1"]
[WhiteElo "1434"]
[BlackElo "1229"]
[PlyCount "124"]
[EventDate "2017.05.19"]
[EventType "swiss"]
[EventRounds "6"]
[EventCountry "ESP"]
[SourceTitle "EXT 2020"]
[Source "ChessBase"]
[SourceDate "2019.10.17"]
[SourceVersion "1"]
[SourceVersionDate "2019.10.17"]
[SourceQuality "1"]

1. d4 Nf6 2. c4 e6 3. Bg5 Be7 4. Nc3 d5 5. e3 b6 6. Nf3 Bb7 7. Qa4+ Nbd7 8. Ne5 0-0 9. Nc6 Bxc6 10. Qxc6 a6 11. cxd5 exd5 12. Bf4 Rc8 13. Bxa6 Ra8 14. Bb7 Ra7 15. Bxc7 Qe8 16. Bxb6 Nxb6 17. Qxb6 Qb8 18. Qb3 Rxb7 19. Qa4 Rxb2 20. 0-0 Qb4 21. Qxb4 Rxb4 22. Rfb1 Rfb8 23. f3 Bd6 24. g3 Bc7 25. Rxb4 Rxb4 26. Rb1 Rxb1+ 27. Nxb1 Kf8 28. Kf2 Ke7 29. Ke2 Kd6 30. Kd3 Kc6 31. Nc3 Ba5 32. Na4 Kb5 33. Nc5 Kb4 34. Nb7 Bc7 35. e4 dxe4+ 36. fxe4 Ka3 37. d5 Kxa2 38. d6 Bb6 39. e5 Nd7 40. Ke4 Bg1 41. Kd5 Bxh2 42. Nc5 Nxe5 43. Ne4 f6 44. Ke6 Kb3 45. d7 Nxd7 46. Kxd7 Kc4 47. Ke6 Kd4 48. Nd6 Ke3 49. Nf5+ Kf3 50. Nxg7 Bxg3 51. Kf5 Bh4 52. Nh5 Bg5 53. Ng7 Kg3 54. Ne6 Kh4 55. Ng7 h5 56. Ne6 Kg3 57. Nd4 h4 58. Ne2+ Kg2 59. Kg4 h3 60. Ng3 h2 61. Ne4 h1Q 62. Ng3 Qh3# 0-1

[Event "ESP-ch U10"]
[Site "Granada"]
[Date "2016.07.01"]
[Round "7"]
[White "Mullor Pena, Claudia"]
[Black "Martinez Soriano, Javier"]
[Result "0-1"]
[WhiteElo "1064"]
[BlackElo "1330"]
[PlyCount "120"]
[EventDate "2016.06.27"]
[EventType "swiss"]
[EventRounds "9"]
[EventCountry "ESP"]
[SourceTitle "EXT 2024"]
[Source "ChessBase"]
[SourceDate "2023.10.10"]
[SourceVersion "1"]
[SourceVersionDate "2023.10.10"]
[SourceQuality "1"]

1. e4 c5 2. Nf3 e6 3. Qe2 a6 4. g3 b5 5. Bg2 Bb7 6. 0-0 Nf6 7. d3 d6 8. a4 b4 9. Nbd2 Be7 10. Rd1 Qc7 11. Nc4 e5 12. c3 Nc6 13. d4 a5 14. dxe5 dxe5 15. cxb4 axb4 16. b3 0-0 17. Bb2 Ba6 18. Qc2 Bxc4 19. Qxc4 Rac8 20. Rac1 Rfd8 21. Rxd8+ Rxd8 22. Rc2 Rd7 23. Bc1 Na5 24. Qb5 Nxb3 25. Be3 Ng4 26. Bd2 Qb7 27. Qxb7 Rxb7 28. h3 Nxd2 29. Rxd2 b3 30. Rb2 Nh6 31. Nxe5 Bf6 32. f4 Bxe5 33. fxe5 c4 34. Kf2 c3 35. Rxb3 Rxb3 36. Ke3 c2+ 37. Kd2 Ra3 38. Kxc2 Ra2+ 39. Kb3 Rxg2 40. Kb4 Rxg3 41. Kb5 Rxh3 42. Kb6 Ng4 43. a5 Nxe5 44. a6 h5 45. a7 Ra3 46. Kb7 h4 47. a8Q+ Rxa8 48. Kxa8 h3 49. Kb7 h2 50. Kc7 h1Q 51. Kd6 Qxe4 52. Kc5 Qd3 53. Kb4 Qc2 54. Kb5 Kf8 55. Kb6 Ke7 56. Kb5 Qc4+ 57. Kb6 Kd6 58. Kb7 Qc6+ 59. Kb8 Nd7+ 60. Ka7 Nb8 0-1

[Event "ESP-ch U10"]
[Site "Granada"]
[Date "2016.06.30"]
[Round "6"]
[White "Garrido Diaz, Ernesto"]
[Black "Mullor Pena, Claudia"]
[Result "1-0"]
[WhiteElo "1403"]
[BlackElo "1064"]
[PlyCount "71"]
[EventDate "2016.06.27"]
[EventType "swiss"]
[EventRounds "9"]
[EventCountry "ESP"]
[SourceTitle "EXT 2024"]
[Source "ChessBase"]
[SourceDate "2023.10.10"]
[SourceVersion "1"]
[SourceVersionDate "2023.10.10"]
[SourceQuality "1"]

1. e4 e5 2. Nf3 Nc6 3. Bc4 Bc5 4. c3 d6 5. d4 exd4 6. cxd4 Bb6 7. 0-0 Bg4 8. Bxf7+ Kxf7 9. Ng5+ Ke8 10. Qxg4 Nf6 11. Qd1 Qd7 12. Be3 h6 13. Nf3 Nxe4 14. Re1 d5 15. Nc3 Nxc3 16. bxc3 Kf8 17. Bf4 Kg8 18. Qd3 Qf7 19. Bg3 Rf8 20. Ne5 Nxe5 21. Rxe5 c6 22. Rae1 Bd8 23. R1e3 Qd7 24. Qg6 Qf7 25. Qd3 Qd7 26. Re6 Bg5 27. Re1 h5 28. Bd6 Rc8 29. Qf5 Bh6 30. Qxh5 Rd8 31. Qg6 Qf7 32. Re8+ Rxe8 33. Rxe8+ Qxe8 34. Qxe8+ Kh7 35. Qf7 Rg8 36. f4 1-0

[Event "ESP-ch U10"]
[Site "Granada"]
[Date "2016.06.29"]
[Round "4"]
[White "Perez Travieso, Saul"]
[Black "Mullor Pena, Claudia"]
[Result "0-1"]
[WhiteElo "1299"]
[BlackElo "1064"]
[PlyCount "100"]
[EventDate "2016.06.27"]
[EventType "swiss"]
[EventRounds "9"]
[EventCountry "ESP"]
[SourceTitle "EXT 2024"]
[Source "ChessBase"]
[SourceDate "2023.10.10"]
[SourceVersion "1"]
[SourceVersionDate "2023.10.10"]
[SourceQuality "1"]

1. d4 Nf6 2. Nf3 b6 3. Bf4 Bb7 4. e3 e6 5. Bd3 c5 6. c3 Be7 7. Nbd2 Nh5 8. Bg3 Nxg3 9. hxg3 g6 10. Qe2 0-0 11. 0-0 d5 12. e4 dxe4 13. Bxe4 Bxe4 14. Qxe4 Nd7 15. Rfe1 b5 16. Rad1 c4 17. Qe2 Nb6 18. Ne5 Rc8 19. Nef3 a5 20. Ne4 Nd5 21. Rc1 Nb6 22. Ned2 Re8 23. a3 Qd5 24. Qe5 b4 25. axb4 axb4 26. Qxd5 exd5 27. Rb1 Nd7 28. Ne5 Nxe5 29. Rxe5 Rcd8 30. Rbe1 Kf8 31. Kf1 bxc3 32. bxc3 Bf6 33. Rxe8+ Rxe8 34. Rxe8+ Kxe8 35. Ke2 Kd7 36. Ke3 Kc6 37. f4 Kb5 38. Nb1 Ka4 39. Kd2 Kb3 40. Kc1 g5 41. f5 g4 42. Kd2 Kb2 43. Ke3 Kxb1 44. Kf2 Kc2 45. Kg1 Kxc3 46. Kh1 Kd2 47. Kg1 c3 48. Kh1 Bxd4 49. f6 c2 50. Kh2 h6 0-1